[Event "Managua Bayardo Muniz Memorial 4th"]
[Site "Managua"]
[Date "2022.03.20"]
[Round "8"]
[White "Gaitan Rivas, Norlan Miguel"]
[Black "Vanegas Lopez, Natanael Emanuel"]
[Result "0-1"]
[WhiteElo "1620"]
[BlackElo "1893"]
[PlyCount "56"]
[EventDate "2022.03.05"]
[EventType "tourn"]
[EventRounds "9"]
[EventCountry "NCA"]
[SourceTitle "EXT 2023"]
[Source "ChessBase"]
[SourceDate "2022.10.05"]
[SourceVersion "1"]
[SourceVersionDate "2022.10.05"]
[SourceQuality "1"]

1. e4 e5 2. Nf3 Nc6 3. Bc4 Bc5 4. c3 Nf6 5. d3 0-0 6. 0-0 a6 7. b4 Ba7 8. Bg5 d6 9. h3 Be6 10. Nbd2 Ne7 11. Bxf6 gxf6 12. Nh4 Kh8 13. Kh1 Rg8 14. Qf3 Ng6 15. Nf5 Bxf5 16. exf5 Nf4 17. g4 Qf8 18. Rg1 Qh6 19. Rg3 Rad8 20. Rd1 d5 21. Bb3 Qh4 22. d4 Qh6 23. Nf1 Rd6 24. Rd2 Re8 25. Kh2 c6 26. Ne3 Bb8 27. Ng2 Nxg2 28. Rxg2 Qxd2 0-1

[Event "Managua Bayardo Muniz Memorial 4th"]
[Site "Managua"]
[Date "2022.03.13"]
[Round "6"]
[White "Gaitan Rivas, Norlan Miguel"]
[Black "Arevalo Lopez, Josue"]
[Result "0-1"]
[WhiteElo "1620"]
[BlackElo "1987"]
[PlyCount "72"]
[EventDate "2022.03.05"]
[EventType "tourn"]
[EventRounds "9"]
[EventCountry "NCA"]
[SourceTitle "EXT 2023"]
[Source "ChessBase"]
[SourceDate "2022.10.05"]
[SourceVersion "1"]
[SourceVersionDate "2022.10.05"]
[SourceQuality "1"]

1. e4 e6 2. d3 d5 3. Nd2 c5 4. Ngf3 Nc6 5. g3 Nf6 6. Bg2 Be7 7. 0-0 b6 8. Qe2 Bb7 9. c3 Qc7 10. a3 dxe4 11. dxe4 e5 12. b4 0-0 13. Nb3 a5 14. b5 Nd8 15. Nbd2 Re8 16. Nh4 g6 17. Nc4 Nd7 18. Nf3 f6 19. h4 Nf7 20. Nh2 Bf8 21. Bh3 Rad8 22. Rd1 Bc8 23. Ng4 Nd6 24. Nh6+ Kg7 25. Nxd6 Bxd6 26. Qd3 Nf8 27. Bxc8 Be7 28. Qc2 Qxc8 29. Be3 Qe6 30. c4 Qh3 31. Rxd8 Rxd8 32. Rd1 Ne6 33. Rxd8 Bxd8 34. Qd1 Nd4 35. Bxd4 cxd4 36. a4 Kxh6 0-1

[Event "Managua Bayardo Muniz Memorial 4th"]
[Site "Managua"]
[Date "2022.03.06"]
[Round "2"]
[White "Flores, Manuel"]
[Black "Gaitan Rivas, Norlan Miguel"]
[Result "1-0"]
[WhiteElo "1860"]
[BlackElo "1620"]
[PlyCount "84"]
[EventDate "2022.03.05"]
[EventType "tourn"]
[EventRounds "9"]
[EventCountry "NCA"]
[SourceTitle "EXT 2023"]
[Source "ChessBase"]
[SourceDate "2022.10.05"]
[SourceVersion "1"]
[SourceVersionDate "2022.10.05"]
[SourceQuality "1"]

1. d4 d5 2. c4 c6 3. Nc3 Nf6 4. cxd5 cxd5 5. Bf4 e6 6. e3 Bd6 7. Bxd6 Qxd6 8. Bd3 Nc6 9. f4 0-0 10. Rc1 Rd8 11. Nh3 b6 12. 0-0 Bb7 13. g4 g6 14. Nf2 Qe7 15. g5 Nh5 16. Be2 Ng7 17. Ng4 Nf5 18. Nf6+ Kg7 19. Rf3 Rh8 20. Bd3 h6 21. Bxf5 gxf5 22. Nh5+ Kf8 23. Rg3 hxg5 24. Rxg5 Ke8 25. Qa4 Kd7 26. Kf2 Qb4 27. Qc2 Rh6 28. Rcg1 Rah8 29. Qe2 Qe7 30. R1g2 R8h7 31. Kg1 a6 32. a3 Kc7 33. b4 a5 34. b5 Nd8 35. Ng3 Qxa3 36. Qc2 Kd7 37. Na4 Qd6 38. Rg8 Rg6 39. Nxf5 Rxg2+ 40. Rxg2 Qc7 41. Qd3 Qc1+ 42. Kf2 Rh8 1-0

[Event "Managua Bayardo Muniz Memorial 4th"]
[Site "Managua"]
[Date "2022.03.06"]
[Round "3"]
[White "Gaitan Rivas, Norlan Miguel"]
[Black "Granados Lopez, Fidel"]
[Result "0-1"]
[WhiteElo "1620"]
[BlackElo "1734"]
[PlyCount "88"]
[EventDate "2022.03.05"]
[EventType "tourn"]
[EventRounds "9"]
[EventCountry "NCA"]
[SourceTitle "EXT 2023"]
[Source "ChessBase"]
[SourceDate "2022.10.05"]
[SourceVersion "1"]
[SourceVersionDate "2022.10.05"]
[SourceQuality "1"]

1. e4 c5 2. Nf3 g6 3. g3 d6 4. Bg2 Nc6 5. 0-0 Bg7 6. c3 Bg4 7. Qb3 Qc8 8. Ng5 Ne5 9. f4 c4 10. Qb5+ Nd7 11. d4 a6 12. Qa4 b5 13. Qc2 h6 14. Nh3 Nb6 15. Nf2 Bd7 16. e5 Bf5 17. Qe2 d5 18. g4 Be6 19. b3 h5 20. g5 Bf5 21. bxc4 bxc4 22. a4 Bxb1 23. Rxb1 Nxa4 24. Qc2 Qc6 25. Bxd5 Qxd5 26. Qxa4+ Qd7 27. Qxc4 h4 28. h3 e6 29. Ba3 Bf8 30. Bxf8 Kxf8 31. Ne4 Kg7 32. Rb6 Rc8 33. Qxa6 Qd5 34. Qxc8 Qxe4 35. Rb2 Qe3+ 36. Rff2 Ne7 37. Qb7 Nd5 38. c4 Qc1+ 39. Kh2 Qxc4 40. Qa7 Qc1 41. Qc5 Qe3 42. Rbe2 Qg3+ 43. Kh1 Qxh3+ 44. Rh2 Qf1# 0-1

[Event "NCA-ch op"]
[Site "Managua"]
[Date "2021.08.28"]
[Round "1"]
[White "Gaitan Rivas, Norlan Miguel"]
[Black "Diego Martinez, Humberto Jose"]
[Result "0-1"]
[WhiteElo "1574"]
[BlackElo "2070"]
[PlyCount "100"]
[EventDate "2021.08.28"]
[EventType "swiss"]
[EventRounds "9"]
[EventCountry "NCA"]
[SourceTitle "EXT 2023"]
[Source "ChessBase"]
[SourceDate "2022.10.05"]
[SourceVersion "1"]
[SourceVersionDate "2022.10.05"]
[SourceQuality "1"]

1. e4 d5 2. exd5 Qxd5 3. Nc3 Qd6 4. d4 Nf6 5. Bd3 Nc6 6. Nge2 Bg4 7. f3 Bh5 8. Nb5 Qd7 9. Nf4 a6 10. Nxh5 Nxh5 11. d5 Nb4 12. Nc3 Nf6 13. Be4 0-0-0 14. Bg5 Nbxd5 15. Nxd5 Nxd5 16. Qd3 Nf6 17. 0-0-0 Qxd3 18. Bxd3 e6 19. Rhe1 Be7 20. c3 Nd5 21. Bxe7 Nxe7 22. f4 g6 23. Kc2 h5 24. Rd2 Nd5 25. g3 h4 26. Rf2 hxg3 27. hxg3 Rh3 28. Rg1 Ne3+ 29. Kd2 Ng4 30. Re2 Nf6 31. Kc2 Nh5 32. Rf2 Rxg3 33. Rxg3 Nxg3 34. Rf3 Nf5 35. Rh3 c6 36. Rh7 Rd7 37. Kd2 Kd8 38. Rh8+ Ke7 39. Ke2 Ng3+ 40. Ke3 Nh5 41. Be2 Nf6 42. Rh4 Ne8 43. Bd3 Kf6 44. Rg4 Ng7 45. Rg5 Rd8 46. Be4 Rh8 47. Rg2 Nf5+ 48. Kf2 Rh4 49. Kf3 Rh5 50. Kf2 e5 0-1

[Event "Managua Ramirez de Arellano Memorial"]
[Site "Managua"]
[Date "2021.08.07"]
[Round "7"]
[White "Gaitan Rivas, Norlan Miguel"]
[Black "Martinez, Manuel Alfonzo"]
[Result "1-0"]
[WhiteElo "1574"]
[BlackElo "1570"]
[PlyCount "37"]
[EventDate "2021.07.10"]
[EventType "swiss"]
[EventRounds "9"]
[EventCountry "NCA"]
[SourceTitle "EXT 2023"]
[Source "ChessBase"]
[SourceDate "2022.10.05"]
[SourceVersion "1"]
[SourceVersionDate "2022.10.05"]
[SourceQuality "1"]

1. e4 c5 2. Nf3 Nc6 3. d4 cxd4 4. Nxd4 Nf6 5. Nc3 a6 6. Bg5 e5 7. Nb3 d6 8. Qd2 h6 9. Bh4 Be7 10. 0-0-0 g5 11. Bg3 Be6 12. Kb1 b5 13. f3 Bxb3 14. cxb3 b4 15. Nd5 Nxd5 16. Qxd5 Qb6 17. Bf2 Qc7 18. Rc1 Kd7 19. g3 1-0

[Event "NCA-chT fase1"]
[Site "Managua"]
[Date "2019.10.13"]
[Round "9.1"]
[White "Morales, Alvaro Antonio"]
[Black "Gaitan Rivas, Norlan Miguel"]
[Result "1-0"]
[WhiteElo "2035"]
[BlackElo "1568"]
[PlyCount "61"]
[EventDate "2019.09.28"]
[EventType "team-swiss"]
[EventRounds "9"]
[EventCountry "NCA"]
[SourceTitle "CBM 194 Extra"]
[Source "ChessBase"]
[SourceDate "2020.03.31"]
[SourceVersion "1"]
[SourceVersionDate "2020.03.31"]
[SourceQuality "1"]
[WhiteTeam "Universidad de Ingenieria"]
[BlackTeam "Leon Santiago de los Caballeros"]
[WhiteTeamCountry "NCA"]
[BlackTeamCountry "NCA"]

1. d4 Nf6 2. Bf4 g6 3. e3 Bg7 4. Nf3 0-0 5. Be2 c5 6. c3 Nd5 7. Bg5 cxd4 8. cxd4 Qa5+ 9. Nbd2 d6 10. 0-0 Nc6 11. e4 Nf6 12. d5 Nb8 13. Nd4 Nbd7 14. Nc4 Qd8 15. f3 h6 16. Be3 Ne8 17. Qd2 Kh7 18. f4 Nef6 19. Bf3 Nc5 20. b4 Ncxe4 21. Qc2 Bf5 22. g4 Nxd5 23. gxf5 Nxe3 24. Nxe3 Bxd4 25. Qxe4 Bxa1 26. Rxa1 Rg8 27. Kh1 e6 28. fxg6+ Rxg6 29. Bh5 Qf6 30. Bxg6+ fxg6 31. Qxb7+ 1-0

[Event "NCA-chT fase1"]
[Site "Managua"]
[Date "2019.10.12"]
[Round "7.1"]
[White "Vanegas Lopez, Natanael Emanuel"]
[Black "Gaitan Rivas, Norlan Miguel"]
[Result "0-1"]
[WhiteElo "1435"]
[BlackElo "1568"]
[PlyCount "36"]
[EventDate "2019.09.28"]
[EventType "team-swiss"]
[EventRounds "9"]
[EventCountry "NCA"]
[SourceTitle "CBM 194 Extra"]
[Source "ChessBase"]
[SourceDate "2020.03.31"]
[SourceVersion "1"]
[SourceVersionDate "2020.03.31"]
[SourceQuality "1"]
[WhiteTeam "Los Jackers"]
[BlackTeam "Leon Santiago de los Caballeros"]
[WhiteTeamCountry "NCA"]
[BlackTeamCountry "NCA"]

1. d4 Nf6 2. Nf3 g6 3. Nc3 Bg7 4. e4 d6 5. Bc4 0-0 6. 0-0 c6 7. Re1 Nbd7 8. Bf4 Qc7 9. e5 Nh5 10. exd6 exd6 11. Be3 d5 12. Bd3 f5 13. Bg5 Ndf6 14. Ne5 Ne4 15. f4 Nhf6 16. Qf3 Qb6 17. Qh3 Qxd4+ 18. Kh1 Nf2+ 0-1

[Event "NCA-chT fase1"]
[Site "Managua"]
[Date "2019.09.29"]
[Round "2.1"]
[White "Gaitan Rivas, Norlan Miguel"]
[Black "Medrano Miranda, Luis Benjamin"]
[Result "1-0"]
[WhiteElo "1568"]
[BlackElo "1505"]
[PlyCount "51"]
[EventDate "2019.09.28"]
[EventType "team-swiss"]
[EventRounds "9"]
[EventCountry "NCA"]
[SourceTitle "CBM 194 Extra"]
[Source "ChessBase"]
[SourceDate "2020.03.31"]
[SourceVersion "1"]
[SourceVersionDate "2020.03.31"]
[SourceQuality "1"]
[WhiteTeam "Leon Santiago de los Caballeros"]
[BlackTeam "Universidad de Ingenieria II"]
[WhiteTeamCountry "NCA"]
[BlackTeamCountry "NCA"]

1. e4 d6 2. d4 e6 3. Nf3 Nf6 4. Bd3 g6 5. Bg5 Be7 6. Qd2 e5 7. Nc3 c6 8. dxe5 dxe5 9. Nxe5 Nxe4 10. Nxe4 f6 11. Nxf6+ Bxf6 12. Bxf6 Qxf6 13. 0-0-0 0-0 14. Rde1 Qxf2 15. Bc4+ Kg7 16. Qc3 Rf6 17. Rhf1 Qh4 18. Rxf6 Qxf6 19. Rf1 Bf5 20. g4 Nd7 21. gxf5 Nxe5 22. fxg6 Qg5+ 23. Kb1 Kxg6 24. h4 Qg4 25. Qxe5 Rd8 26. Qf6+ 1-0

[Event "Managua Gomez Argenal Memorial 19th"]
[Site "Managua"]
[Date "2019.06.02"]
[Round "2"]
[White "Salazar Cabezas, Alberto Javier"]
[Black "Gaitan Rivas, Norlan Miguel"]
[Result "1-0"]
[WhiteElo "1842"]
[BlackElo "1595"]
[PlyCount "59"]
[EventDate "2019.06.16"]
[EventType "swiss"]
[EventRounds "9"]
[EventCountry "NCA"]
[SourceTitle "EXT 2020"]
[Source "ChessBase"]
[SourceDate "2019.10.17"]
[SourceVersion "1"]
[SourceVersionDate "2019.10.17"]
[SourceQuality "1"]

1. Nf3 Nf6 2. d4 d6 3. Bf4 g6 4. e3 Bg7 5. Be2 0-0 6. h3 Nbd7 7. 0-0 c6 8. c4 Re8 9. Nc3 e5 10. dxe5 dxe5 11. Nxe5 Qb6 12. Na4 Qa5 13. Nd3 b5 14. cxb5 cxb5 15. Bf3 Ne4 16. Nac5 Ndxc5 17. Nxc5 Nxc5 18. Bxa8 Bf5 19. e4 Nxe4 20. Bxe4 Rxe4 21. Bd2 b4 22. a3 Bxb2 23. Bxb4 Qc7 24. Ra2 Bd4 25. Re2 Rxe2 26. Qxe2 Kg7 27. Rd1 Qb6 28. Qf3 a5 29. Rxd4 Qxd4 30. Bc3 1-0

[Event "Managua Muniz Memorial 2nd"]
[Site "Managua"]
[Date "2019.04.14"]
[Round "8"]
[White "Garcia, Antonio3333"]
[Black "Gaitan Rivas, Norlan Miguel"]
[Result "1-0"]
[WhiteElo "1853"]
[BlackElo "1608"]
[PlyCount "71"]
[EventDate "2019.03.30"]
[EventType "tourn"]
[EventRounds "9"]
[EventCountry "NCA"]
[SourceTitle "CBM 190 Extra"]
[Source "ChessBase"]
[SourceDate "2019.07.15"]
[SourceVersion "1"]
[SourceVersionDate "2019.07.15"]
[SourceQuality "1"]

1. c4 Nf6 2. Nc3 g6 3. e4 d6 4. d4 Bg7 5. f3 0-0 6. Be3 c5 7. dxc5 dxc5 8. Qxd8 Rxd8 9. Bxc5 Nc6 10. Rd1 Be6 11. a3 Nd7 12. Be3 Nde5 13. Nd5 Rac8 14. b4 b6 15. Bd3 Bxd5 16. cxd5 Nb8 17. Rc1 Rxc1+ 18. Bxc1 Rc8 19. Bd2 Nbd7 20. f4 Nc4 21. e5 Nxd2 22. Kxd2 Bh6 23. g3 Nxe5 24. Nf3 Nc4+ 25. Bxc4 Rxc4 26. Kd3 Rc8 27. Re1 Bf8 28. Nd4 Rd8 29. Kc4 a6 30. a4 Rc8+ 31. Nc6 e6 32. b5 axb5+ 33. Kxb5 exd5 34. Kxb6 Ra8 35. a5 d4 36. Kb7 1-0

[Event "Managua Muniz Memorial 2nd"]
[Site "Managua"]
[Date "2019.04.13"]
[Round "7"]
[White "Gaitan Rivas, Norlan Miguel"]
[Black "Vallecillo, Saul"]
[Result "0-1"]
[WhiteElo "1608"]
[BlackElo "1879"]
[PlyCount "54"]
[EventDate "2019.03.30"]
[EventType "tourn"]
[EventRounds "9"]
[EventCountry "NCA"]
[SourceTitle "CBM 190 Extra"]
[Source "ChessBase"]
[SourceDate "2019.07.15"]
[SourceVersion "1"]
[SourceVersionDate "2019.07.15"]
[SourceQuality "1"]

1. e4 c5 2. Nc3 e6 3. g3 Nc6 4. Bg2 d6 5. d3 Nf6 6. f4 Be7 7. Nge2 a6 8. 0-0 Qc7 9. h3 b5 10. e5 dxe5 11. fxe5 Nd7 12. d4 cxd4 13. Nxd4 Bb7 14. Kh1 Ncxe5 15. Ne4 Nf6 16. Rxf6 gxf6 17. Nxe6 fxe6 18. Qh5+ Ng6 19. Be3 f5 20. Ng5 Bxg2+ 21. Kxg2 Bxg5 22. Qxg5 0-0 23. Re1 Qe7 24. Qh6 Qg7 25. Qg5 f4 26. Bc5 Rf5 27. Qg4 Rxc5 0-1

[Event "Managua Muniz Memorial 2nd"]
[Site "Managua"]
[Date "2019.03.31"]
[Round "2"]
[White "Gaitan Rivas, Norlan Miguel"]
[Black "Salazar Cabezas, Alberto Javier"]
[Result "1/2-1/2"]
[WhiteElo "1608"]
[BlackElo "1813"]
[PlyCount "132"]
[EventDate "2019.03.30"]
[EventType "tourn"]
[EventRounds "9"]
[EventCountry "NCA"]
[SourceTitle "CBM 190 Extra"]
[Source "ChessBase"]
[SourceDate "2019.07.15"]
[SourceVersion "1"]
[SourceVersionDate "2019.07.15"]
[SourceQuality "1"]

1. e4 c5 2. Nc3 Nc6 3. g3 g6 4. Bg2 Bg7 5. d3 d6 6. f4 Bd7 7. Nf3 Rb8 8. 0-0 b5 9. Re1 b4 10. Nd5 e6 11. Ne3 Nge7 12. Nc4 Qc7 13. e5 dxe5 14. fxe5 0-0 15. Bg5 h6 16. Be3 Na5 17. Nxa5 Qxa5 18. Qd2 Nf5 19. Bf2 Qc7 20. g4 Ne7 21. Be3 Bxe5 22. Nxe5 Qxe5 23. d4 Qh8 24. dxc5 Bc6 25. Qd6 Bxg2 26. Qxe7 Bd5 27. b3 a5 28. Rad1 f6 29. Rf1 Qg7 30. Qd6 Rbd8 31. Qb6 Ra8 32. c6 Rfc8 33. Qd4 Rxc6 34. Rxf6 Rxc2 35. Rf2 Qxd4 36. Bxd4 Rac8 37. Rdf1 a4 38. bxa4 Rxf2 39. Rxf2 Rc1+ 40. Rf1 Rxf1+ 41. Kxf1 Bxa2 42. a5 Bc4+ 43. Kf2 Kf7 44. Ke3 b3 45. h4 Ke7 46. g5 hxg5 47. hxg5 Kd6 48. Kd2 Kd5 49. Bb2 Ke4 50. Kc3 Bd5 51. Bc1 e5 52. a6 Ba8 53. a7 Kd5 54. Kxb3 e4 55. Kb4 Kd4 56. Ba3 e3 57. Kb5 e2 58. Bc5+ Kd3 59. Bb4 Ke4 60. Kb6 Kf5 61. Bd2 Bd5 62. Kc7 Kg4 63. Kb8 Kf5 64. a8Q Bxa8 65. Kxa8 e1Q 66. Bxe1 Kxg5 1/2-1/2

[Event "Managua Hurtado Memorial 18th"]
[Site "Managua"]
[Date "2018.12.27"]
[Round "3"]
[White "Gaitan Rivas, Norlan Miguel"]
[Black "Rocha Garcia, Luis Alberto"]
[Result "1-0"]
[WhiteElo "1564"]
[BlackElo "1339"]
[PlyCount "93"]
[EventDate "2018.12.26"]
[EventType "swiss"]
[EventRounds "9"]
[EventCountry "NCA"]
[SourceTitle "EXT 2020"]
[Source "ChessBase"]
[SourceDate "2019.10.17"]
[SourceVersion "1"]
[SourceVersionDate "2019.10.17"]
[SourceQuality "1"]

1. e4 e5 2. Nf3 Nc6 3. Bb5 a6 4. Bxc6 dxc6 5. 0-0 Bd6 6. h3 Nf6 7. d4 Qe7 8. Re1 0-0 9. c4 Bb4 10. Nc3 Rd8 11. a3 exd4 12. axb4 dxc3 13. Qc2 Be6 14. Qxc3 Rd7 15. Bg5 Qf8 16. b5 h6 17. Bh4 Qc5 18. bxc6 bxc6 19. b3 Nh5 20. Ra5 Rd3 21. Rxc5 Rxc3 22. Rxh5 Rxb3 23. Rc5 a5 24. Nd4 Rb6 25. Nxc6 a4 26. Ra1 a3 27. Ra5 Raa6 28. Rxa6 Rxa6 29. Ne7+ Kf8 30. Nd5 Ra7 31. Be7+ Ke8 32. Bxa3 Kd7 33. f4 Kc6 34. f5 Bc8 35. Ne7+ Kd7 36. Rd1+ Ke8 37. Nc6 Bd7 38. Nxa7 f6 39. c5 Ba4 40. Rd4 Bc2 41. Nc6 Kf7 42. Rd7+ Kg8 43. Ne7+ Kh7 44. Ng6 Bxe4 45. g4 h5 46. Rd8 Kh6 47. Bc1+ 1-0

[Event "Managua Hurtado Memorial 18th"]
[Site "Managua"]
[Date "2018.12.26"]
[Round "1"]
[White "Velasquez, Rommel"]
[Black "Gaitan Rivas, Norlan Miguel"]
[Result "1-0"]
[WhiteElo "2025"]
[BlackElo "1564"]
[PlyCount "83"]
[EventDate "2018.12.26"]
[EventType "swiss"]
[EventRounds "9"]
[EventCountry "NCA"]
[SourceTitle "EXT 2020"]
[Source "ChessBase"]
[SourceDate "2019.10.17"]
[SourceVersion "1"]
[SourceVersionDate "2019.10.17"]
[SourceQuality "1"]

1. d4 Nf6 2. Nf3 d6 3. Bf4 g6 4. e3 Bg7 5. Nbd2 0-0 6. Bd3 Nbd7 7. h4 c5 8. h5 Nxh5 9. Rxh5 gxh5 10. Bxh7+ Kh8 11. Ng5 Nf6 12. Bd3 cxd4 13. exd4 Qa5 14. c3 Bg4 15. f3 Bd7 16. Nc4 Qc7 17. Kf2 b5 18. Ne3 e5 19. Qh1 Be6 20. Nh7 Nxh7 21. Bxh7 f5 22. Qxh5 Bh6 23. Bxf5 Bxf5 24. Nxf5 exf4 25. Qxh6+ Qh7 26. Qxh7+ Kxh7 27. Nxd6 a6 28. Re1 Ra7 29. Re5 Kg6 30. Ne4 Kg7 31. d5 Rd7 32. Nc5 Rd6 33. Nd3 Rh6 34. d6 Rf7 35. Rd5 Rh8 36. b3 Rd8 37. c4 bxc4 38. bxc4 Rb7 39. Nxf4 Rb4 40. c5 Rb5 41. Rd1 Kf7 42. c6 1-0

[Event "IECC TH-M-3327"]
[Site "IECC email"]
[Date "2018.09.14"]
[Round "?"]
[White "Kinna, Michael"]
[Black "Gaitan Rivas, Norlan Miguel"]
[Result "1-0"]
[WhiteElo "1945"]
[BlackElo "1753"]
[PlyCount "51"]
[EventDate "2018.??.??"]
[EventType "tourn (corr)"]
[SourceTitle "Corr 2020"]
[Source "ChessBase"]
[SourceDate "2019.09.30"]
[SourceVersion "1"]
[SourceVersionDate "2019.09.30"]
[SourceQuality "1"]
[WhiteTeam "Australia"]
[BlackTeam "NIC"]
[WhiteTeamCountry "AUS"]

1. e4 d6 2. d4 Nf6 3. Nc3 g6 4. f4 Bg7 5. Nf3 0-0 6. Bd3 Nc6 7. e5 dxe5 8. dxe5 Nd5 9. Bd2 Bg4 10. Be4 Nxc3 11. Bxc3 Qxd1+ 12. Rxd1 Rfd8 13. Kf2 h6 14. h3 Be6 15. b3 Kf8 16. Bxc6 bxc6 17. Ba5 Rd7 18. Nd4 Rd5 19. Bxc7 c5 20. Nxe6+ fxe6 21. c4 Rxd1 22. Rxd1 Ke8 23. Ke3 Rc8 24. Ba5 Rb8 25. Be1 h5 26. Bf2 1-0

[Event "IECC TH-M-3283"]
[Site "IECC email"]
[Date "2018.04.30"]
[Round "?"]
[White "Hargreaves, Richard"]
[Black "Gaitan Rivas, Norlan Miguel"]
[Result "1-0"]
[WhiteElo "1784"]
[BlackElo "1784"]
[PlyCount "61"]
[EventDate "2018.??.??"]
[EventType "tourn (corr)"]
[SourceTitle "Corr 2020"]
[Source "ChessBase"]
[SourceDate "2019.09.30"]
[SourceVersion "1"]
[SourceVersionDate "2019.09.30"]
[SourceQuality "1"]
[WhiteTeam "England"]
[BlackTeam "NIC"]
[WhiteTeamCountry "ENG"]

1. e4 e5 2. f4 d5 3. exd5 e4 4. Bb5+ c6 5. dxc6 Nxc6 6. Ne2 Nf6 7. Nbc3 Bc5 8. d4 exd3 9. Bxc6+ bxc6 10. cxd3 0-0 11. d4 Bb6 12. 0-0 Bg4 13. h3 Bh5 14. g4 Bxg4 15. hxg4 Nxg4 16. f5 Qh4 17. Bf4 Rfe8 18. Qd3 Rad8 19. Qg3 Qh5 20. Rae1 g6 21. fxg6 hxg6 22. Kg2 Nh6 23. Bg5 Ng4 24. Bd2 Bxd4 25. Nxd4 Rxe1 26. Bxe1 Rxd4 27. Qb8+ Kg7 28. Rxf7+ Kxf7 29. Qxa7+ Ke6 30. Qxd4 Qh2+ 31. Kf1 1-0